| 000 | 00544nam a2200169 i 4500 | ||
|---|---|---|---|
| 001 | 83338 | ||
| 003 | ES-MaACL | ||
| 005 | 20230906174819.0 | ||
| 007 | t| | ||
| 008 | 041112s1982 sp ||||1| spa d | ||
| 245 | 0 | 0 |
_aEstadística de préstamos hipotecarios _b: 1980 / _cInstituto Nacional de Estadística. |
| 260 |
_a[Madrid : _bs.n., _c1982] |
||
| 300 |
_a104 p. ; _c26 cm. |
||
| 650 | 4 |
_aHipotecas- _zEspaña- _vEstadísticas. _9164629 |
|
| 710 | 2 |
_aInstituto Nacional de Estadística (España) _95162 |
|
| 852 |
_aES-MaACL _jL-4055 _bR.104984 |
||
| 999 |
_c83338 _d83338 |
||